|
|
|
|
| LEADER |
01950cas a2200241 a 4500 |
| 001 |
AALejournalIMF018656 |
| 008 |
230101c9999 xx r poo 0 0eng d |
| 020 |
|
|
|c 5.00 USD
|
| 020 |
|
|
|z 9781484372272
|
| 022 |
|
|
|a 1018-5941
|
| 040 |
|
|
|a BD-DhAAL
|c BD-DhAAL
|
| 100 |
1 |
|
|a Khan, Ashraf.
|
| 245 |
1 |
0 |
|a Legal Protection :
|b Liability and Immunity Arrangements of Central Banks and Financial Supervisors /
|c Ashraf Khan.
|
| 264 |
|
1 |
|a Washington, D.C. :
|b International Monetary Fund,
|c 2018.
|
| 300 |
|
|
|a 1 online resource (42 pages)
|
| 490 |
1 |
|
|a IMF Working Papers
|
| 500 |
|
|
|a <strong>Off-Campus Access:</strong> No User ID or Password Required
|
| 500 |
|
|
|a <strong>On-Campus Access:</strong> No User ID or Password Required
|
| 506 |
|
|
|a Electronic access restricted to authorized BRAC University faculty, staff and students
|
| 520 |
3 |
|
|a This paper argues that central bank legal protection contributes to safeguarding a central bank and its financial supervisor's independence, especially for conducting monetary and financial stability policy. However, such legal protection also entails enhanced accountability. To this end, the paper provides a selected overview of legal protection for central banks and financial supervisors (if the supervisor is part of the central bank), focusing on liability, immunity, and indemnification arrangements, and based on the IMF's Central Bank Legislation Database. The paper also uses data from the IMF's Article IV and FSAP Database, and the IMF MCM's Technical Assistance Database. It lists selected country cases for illustrative purposes. It introduces the concepts of 'appropriate legal protection' and 'function-specific legal protection' as topics for further research.
|
| 538 |
|
|
|a Mode of access: Internet
|
| 830 |
|
0 |
|a IMF Working Papers; Working Paper ;
|v No. 2018/176
|
| 856 |
4 |
0 |
|z Full text available on IMF
|u http://elibrary.imf.org/view/journals/001/2018/176/001.2018.issue-176-en.xml
|z IMF e-Library
|